Country Quiz: North Macedonia 🇲🇰 - Statistics

General Stats
  • This quiz has been taken 27 times
  • The average score is 16 of 21
Answer Stats
Hint Answer % Correct
Language and Nationality Macedonian
100%
Capital Skopje
100%
During World War I, 1914-18, this country occupied North Macedonia Bulgaria
96%
Bulgaria
96%
Kosovo
96%
Serbia
96%
Between 1918-1990s, North Macedonia was part of this former country Yugoslavia
96%
Bordering Countries Albania
92%
Greece
92%
Between 1371-1912, North Macedonia was part of this empire Ottoman empire
92%
Independence 1991
88%
In 2006, North Macedonia became the first country in the world to have full access to a wireless ________ connection Internet
83%
Currency Denar
75%
1/44 Countries to lack access to any ocean, otherwise known as... Landlocked
75%
Member of this western military alliance NATO
75%
Main Religion Christianity
71%
A North Macedonian city famous for hosting 360+ churches in the city Ohrid
58%
State-Condition Republic
54%
Second-Largest City Bitola
42%
Type of Government Parliamentary
33%
Founding Father Philip II of Macedon
8%
No matching quizzes found
Score Distribution
Percent of People with Each Score
Percentile by Number Answered
Your Score History
You have not taken this quiz